| 000 | 00821nam a22002417a 4500 | ||
|---|---|---|---|
| 003 | OSt | ||
| 005 | 20201030093733.0 | ||
| 008 | 201030s1964 sp ||||gr|||| 00| 0 spa d | ||
| 040 |
_aCO-JMCR _cCO-JMCR |
||
| 041 | 1 |
_aspa _hfre |
|
| 082 | 0 | 4 |
_a658 / _bV728m _223 |
| 100 | 1 |
_aVille, Georges, _eautor _912279 |
|
| 245 | 1 | 3 |
_aLa misión del ingeniero en la empresa / _cGeorges Ville ; versión en español, José María Pallas |
| 260 |
_aBarcelona : _bAguilar, _c1964. |
||
| 300 |
_axxiii, 403 páginas : _c22 cm. |
||
| 505 | 0 | _aLa empresa -- Las funciones del ingeniero en la empresa | |
| 546 | _aTraducción del Francés. | ||
| 650 | 2 | 4 |
_aIndustria _xManejo _912034 |
| 650 | 2 | 4 |
_aEconomía de la empresa _912280 |
| 650 | 2 | 4 |
_aSindicatos _912281 |
| 700 | 1 |
_aPallas, José María, _etraductor _912282 |
|
| 942 |
_2ddc _cBK |
||
| 999 |
_c6999 _d6999 |
||